Music Quiz

Random Music or Clickable Quiz

'Stop' & 'Go' Song Titles Quiz Stats

Quiz Updated Jul 14, 2016

Challenge
Share
Tweet
Embed
Score 0/30 Timer 06:00
15 Plays Today
% Correct
Love
94.3%
Breaking
93.8%
Way
93.7%
Loving
93.2%
Now
93%
Believin'
92.9%
You
92.3%
Heart
91.9%
Stare
90.8%
Away
89.9%
Draggin'
89.8%
Girl
89.7%
Enough
89.6%
Sun
89.1%
All
88.5%
% Correct
Stop
88%
Rain
87.6%
Wherever
85.8%
Please
84.8%
Crazy
84.4%
Sobbing
83.9%
It
83.4%
That
80.4%
Her
75.4%
Lovely
71.5%
Don't
71.3%
Let's
60.7%
Can't
58.1%
Bus
57.4%
Just
48.2%

You're not logged in!

Compare scores with friends on all Sporcle quizzes.
Join for Free
OR
Log In

You Might Also Like...

Show Comments

Extras

Top Quizzes Today


Score Distribution

Your Account Isn't Verified!

In order to create a playlist on Sporcle, you need to verify the email address you used during registration. Go to your Sporcle Settings to finish the process.

Report this User

Report this user for behavior that violates our Community Guidelines.

Details: